000 01144nam a22002537a 4500
005 20170124103147.0
010 _aB-076755
020 _c60.00
035 _aB-076755
037 _bCen Lib/Ret
040 _aDPL
_bHN
082 _a005.3
_bचतुर्वे
100 _aचतुर्वेदी, दीप्ती
_9113357
245 _aविजुअल बेसिक /
_cदीप्ती चतुर्वेदी
246 _aVisual basic /
_bby Dipti Chaturvedi
260 _aभोपाल
_bमध्यप्रदेश हिंदी ग्रन्थ अकादेमी
_c2002
270 _bभोपाल
_aरविंद्रनाथ ठाकुर मार्ग, बानगंगा
_e462003
300 _a158पृ.
_c22सेमी(सजिल्द )
650 _aकंप्यूटर विज्ञान
_x
_z
_9113358
650 _aविजुअल बेसिक--डाटा प्रकार
_976404
650 _aComputer Science
_9113359
650 _aVisual Basic - Data Types
_986599
942 _2ddc
_cHN
_h005.3
_mचतुर्वे
999 _c119732
_d119732